000 00620nmm a2200205Ia 4500
008 251105s9999||||xx |||||||||||||||||und||
020 _a9788417708009
041 _aspa
100 _aPuzynska , Katarzyna
245 0 _aMás rojo sangre
264 _a[Madrid, España] :
_bMaeva Ediciones,
_c[Fecha de publicación no identificada]
300 _a0 páginas
490 _aSerie de Lipowo
650 _aThriller & Suspense
700 _aPuzynska , Katarzyna
700 1 _a Serraller Calvo, Amelia
700 1 _a Quintario Santiago, Ana
856 _uhttps://public.digitaliapublishing.com/a/81836
942 _cCF
999 _c70247
_d70247